00483 2200181 4500001002100000005001700021035002500038090001700063100002300080245007700103250001100180260002900191300002100220850001200241990001600253990001600269990001600285YOGYA00000000000438320150317153303.0 a0010-081400000004101 a297.12 Sak A aSaksono, Lukman H. aAl-Qur an : Sebagai Obat Penyembuhan Melalui MakanancSaksono, Lukman H. aCet. 2 aBandungbAlma arifc1966 a192 hlm.b21 cm. aYOPDYOG a105474-P/98 a105475-P/98 a105476-P/98